000 01244nam a2200289 c 4500
003 BLK
005 20180420222851.0
008 180408b bul|||||r ||||||| ||bul||
010 _aKNG00063605000
040 _aBLK
041 _aBUL
_cBUL
_hRUS
080 _aСтроителство. Строителни материали. Строително-монтажни работи
_b69
_x(038)=867=82
_z69(038)=867=82
080 _aРазлични категории думи
_b81`373.4
_x=867=82:69
_z81`373.4=867=82:69
100 1 _aКарагьозов, Георги Василев
_eпърви автор
_9289061
139 _aБолгарско-русский строительный словарь
_bБ 61
245 1 0 _aБолгарско-русский строительный словарь
_bОколо 35 000 терминов
_cГеорги Василев Карагьозов.
246 1 1 _aБългарско-руски строителен речник
257 _aSUN
260 Москва
_bРус. яз.
_c1985
300 _a470 с.
_c21 см
380 _a62
852 _aЦб 141218
856 4 _qpdf
_u
856 4 _qpdf
_u
942 _cKNG
_n0
944 _aCR
_c13.06.2004
_kЧиталня
944 _aED
_c02.11.2015
_kКети_Илиева
999 _c59503
_d59503